|
|
|
|
| LEADER |
00000nab a2200000uu 4500 |
| 001 |
vtls011503710 |
| 003 |
SK-MaSNL |
| 005 |
20260303155714.0 |
| 008 |
230222|1961 xo |||||||||||||||||slo| |
| 015 |
|
|
|a SNBRB
|
| 035 |
|
|
|a (urnnbn)urn:nbn:sk:snk:ar-a0aj7i
|
| 035 |
|
|
|a (uuid)f1b48226-5764-4175-b6d1-68014c1c58bd
|
| 035 |
|
|
|a urn:nbn:sk:snk-abdxj1
|
| 040 |
|
|
|a SNKBUCL
|b slo
|c SNKBUCL
|e AACR2
|
| 041 |
0 |
|
|a slo
|
| 044 |
|
|
|a xo
|c SK
|
| 100 |
1 |
|
|a Puchner, O.
|4 aut
|9 1162357
|
| 245 |
1 |
0 |
|a Mechanické vlastnosti zvarených spojov hliníkovej zliatiny 424400,7
|c O. Puchner, Oskár Iždinský
|
| 700 |
1 |
|
|a Iždinský, Oskár,
|d 1925-2003
|4 aut
|9 213751
|
| 773 |
0 |
|
|t Zváranie : odborný časopis československých zváračov
|g Roč. 10, č. 11 (1961), s. 330-335
|
| 954 |
|
|
|a odborná, vedecká literatúra pôvodná (slovenská)
|2 lita
|
| 958 |
|
|
|a OND
|
| 958 |
|
|
|a EUIPO
|
| 958 |
|
|
|a article20
|
| 999 |
|
|
|c 2041979
|d 2043909
|